| 000 | 00770cam a22002531 4500 | ||
|---|---|---|---|
| 001 | 9739091 | ||
| 003 | ARRUPE | ||
| 005 | 20161109123651.0 | ||
| 008 | 850810s1942 nyua 000 0 eng | ||
| 010 | _a 44025293 | ||
| 035 | _a(OCoLC)12371686 | ||
| 040 |
_aDLC _cOCB _dInNd _dNSbSU _dDLC |
||
| 042 | _apremarc | ||
| 050 | 0 | 0 |
_aBL200 _b.O2 1942 |
| 082 | _a215 | ||
| 100 | 1 |
_aO'Brien, John A. _q(John Anthony), _d1893-1980. _927380 |
|
| 245 | 1 | 0 |
_aGod: can we find him?: _blight from modern science and philosophy, _cJohn A. O'Brien. |
| 260 |
_aNew York, _bPaulist Press _c1942 |
||
| 300 |
_a63 p. _b1 illus. _c18 cm. |
||
| 520 | _aCatholic pamphlet. | ||
| 650 | 0 |
_aGod _xProof. _9148 |
|
| 906 |
_a7 _bcbc _coclcrpl _du _encip _f19 _gy-gencatlg |
||
| 942 |
_2lcc _cMONOGRAPH |
||
| 999 |
_c125705 _d125705 |
||